00756nam a2200229Ia 4500001000600000003000900006008004100015040001300056040001300069041001300082100002300095100002900118245010700147245006300254250001100317260001800328260001300346260004900359300005900408650002800467650003100495G5223IT-RoPAU130308s9999 xx 000 0 und d aIT-RoPAU cIT-RoPAU aITALIANO aBertellini Giorgio gCodice Aut. SPICS: 47895 aPopolare fra immagine e parola (Il). Note sparse su neorealismo, gramsci e le belle bugie di Zavattini bDiviso in Due. Cesare Zavattini: Cinema e Cultura Popolare a1a ed. aREGGIO EMILIA bDiabasis c1999 [1° Ed.:1999 - Ed.Ling.Originale:1999] a"12 p. (prefazione: no ; testo: 12 [pagine: 108-119])" aAUTORI/OPERE DEL CINEMA eCodice materia Spics: 6807